000
00338nam a2200157Ia 4500
100
_a
Chari/ S.N. etc
650
_a
Chemistry
942
_c
BK
654
_a
chemistry
245
_a
Experiments in Applied Chemistry
260
_b
Everest pub.
_a
Bombay
_c
1998
082
_a
660
_b
CHA
300
_a
54
546
_a
ENGLISH
999
_c
35399
_d
35399